000 00491nam a2200169Ia 4500
008 110201s9999 xx 000 0 und d
082 _bB8191
_aKS 1217
100 _aमगदुम वृषाली
245 _aकोलाज
260 _bडिंपल पब्लिकेशन
365 _b125
600 _aमगदुम वृषाली
630 _aकोलाज
700 _aमगदुम वृषाली
730 _aकोलाज
942 _cBOOK
999 _c833681
_d833678